| 000 | 00627nam a2200205Ia 4500 | ||
|---|---|---|---|
| 001 | 13673 | ||
| 003 | GE_BSU | ||
| 008 | 181216s||||||||xx |||||||||||||| ||und|| | ||
| 040 | _cGE_BSU | ||
| 080 | _a621.002 | ||
| 245 | _aНовые материалы в машиностроении. | ||
| 245 | _cПод ред. Л.Я.Попилова. Ред. изд-во М.Л.Юркевич. | ||
| 260 | _aЛ. | ||
| 260 | _bМашиностроение. | ||
| 260 | _c1967. | ||
| 300 | _a428 стр. 22см. с илл. | ||
| 300 | _eтабл. | ||
| 653 | _aНовые материалы в машиностроении. | ||
| 942 | _cBK | ||
| 999 |
_c46822 _d46822 |
||